[Event "OHRA-A"]
[Site "Brussels"]
[Date "1986.12.??"]
[Round "8"]
[White "Short, Nigel D"]
[Black "Nunn, John DM"]
[Result "0-1"]
[WhiteElo "2615"]
[BlackElo "2590"]
[Annotator "Nunn,J"]
[PlyCount "78"]
[EventDate "1986.12.??"]
[EventType "tourn"]
[EventRounds "10"]
[EventCountry "BEL"]
[EventCategory "16"]
[SourceTitle "CBM 001"]
[Source "ChessBase"]
[SourceDate "2004.01.01"]
[SourceVersion "1"]
[SourceVersionDate "2004.01.01"]
[SourceQuality "1"]

1. e4 e5 2. Nf3 Nc6 3. Bb5 a6 4. Ba4 Nf6 5. O-O Be7 6. Re1 b5 7. Bb3 O-O 8. c3
d5 9. exd5 Nxd5 10. Nxe5 Nxe5 11. Rxe5 c6 12. d4 Bd6 13. Re2 Qh4 14. g3 Qh5 15.
Nd2 Bh3 16. f3 Bc7 17. a4 b4 18. c4 Nf6 {Up to here both players have been
following a game Kuporosov-Malaniuk, USSR 1985, in which White played 19.R e1
with a roughly level position. Short plays a powerful novelty which gives
White a clear advantage immediately.} 19. Ne4 $1 $146 {[%mdl 8]} (19. Re1 Rad8
20. Ne4 Nxe4 21. Rxe4 Bf5 22. Re1 Qh3 23. Re2 Rfe8 24. Bg5 f6 25. Be3 h5 26.
c5+ Kf8 27. Bc4 Bxg3 28. hxg3 Rxe3 29. Rxe3 Qxg3+ 30. Kf1 Qh3+ 31. Kg1 Qg3+ 32.
Kf1 Qh3+ {1/2-1/2 Kuporosov,V-Malaniuk,V/ URS 1985 (32)}) 19... Qg6 ({The
obvious} 19... Qxf3 $6 20. Ng5 Qh5 21. Nxh3 Qxh3 22. Bg5 Qf5 23. Bh4 {is very
bad for Black, who faces the two bishops and the threat of R f2.}) ({Moreover} 
19... Nxe4 20. Rxe4 Bf5 21. Re7 $1 Bd6 22. Re3 {doesn't give enough for the
pawn.}) 20. Nf2 Bf5 (20... Bxg3 {is met by} 21. Nxh3) 21. Bc2 Rfe8 ({It is
marginally better to play} 21... Rad8 22. Bxf5 Qxf5 {, but} 23. Rd2 {followed
by R d3 enables White to hold on to his extra pawn without serious problems.})
22. Bxf5 Qxf5 23. Rxe8+ Rxe8 24. Kg2 {It is all so simple. Black is now just a
pawn down with a bad queenside pawn structure. White intends b3 followed by
Bb2 or R a2, completing his development.} Rd8 25. Be3 Bb6 26. Qb3 Bxd4 27. Rd1
c5 28. Bxd4 cxd4 29. Qxb4 {Black's passed pawn is blockaded, while White has a
3 to 1 majority. Since my position was hopeless, I decided to give up another
pawn in the hope of a swindle.} Qd7 30. Qb6 h5 31. Qxa6 {Perhaps the first ray
of hope for Black.} ({White could have played} 31. h4 {before taking the pawn.
Of course White is still winning, but at least Black can create a threat.})
31... Rb8 32. Rd2 h4 33. Qa5 {A good move. The queen cannot return to the
centre directly from a6, so White improves the queen's position while at the
same time threatening b4.} Rb3 34. Qc5 Qb7 ({Black would have preferred to play
} 34... h3+ 35. Nxh3 Rxf3 {but} 36. Rxd4 $1 (36. Kxf3 Qg4+ 37. Kg2 Qe4+ 38. Kf1
Qb1+ {drawing.}) 36... Qb7 37. Rd8+ Kh7 38. Ng5+ {wins.}) 35. Rd3 {A serious
error allowing Black to draw.} (35. Nd3 $2 {was also bad because of} Ne4 $1 36.
fxe4 Qxe4+ 37. Kh3 Rxd3 {, when the powerful d-pawn should enable Black to
draw.}) ({However the simple} 35. Qf5 $142 $1 {would have stopped Black's
tricks.}) 35... h3+ $1 36. Kxh3 Rxd3 37. Nxd3 Qxf3 {Suddenly Black has
dangerous counterplay.} 38. Qxd4 $2 {The second blunder throws away the draw -
a tragic end to the game after White had produced a very important opening
novelty.} ({White should have accepted that he can no longer win and play} 38.
Nf4 Ne4 ({not} 38... Qf1+ 39. Kh4 $1 {and Black's attack is stopped.}) 39. Qc8+
Kh7 40. Qf5+ {with perpetual check.}) 38... Qf1+ 39. Kh4 Qf5 (39... Qf5 40. g4
g5+ 41. Kg3 Ne4+ 42. Kg2 Qxg4+ {followed by a knight check wins the queen.})
0-1

[Event "EU-chT (Men) 20th"]
[Site "Reykjavik"]
[Date "2015.11.16"]
[Round "4.1"]
[White "Ivanchuk, Vassily"]
[Black "Svidler, Peter"]
[Result "0-1"]
[WhiteElo "2720"]
[BlackElo "2745"]
[Annotator "Pavlovic,M"]
[PlyCount "62"]
[EventDate "2015.11.13"]
[EventType "team-swiss"]
[EventRounds "9"]
[EventCountry "ISL"]
[SourceTitle "CBM 170"]
[Source "ChessBase"]
[SourceDate "2016.01.15"]
[SourceVersion "1"]
[SourceVersionDate "2016.01.15"]
[SourceQuality "1"]
[WhiteTeam "Ukraine"]
[BlackTeam "Russia"]
[WhiteTeamCountry "UKR"]
[BlackTeamCountry "RUS"]

1. e4 e5 2. Nf3 Nc6 3. Bb5 a6 4. Ba4 Nf6 5. O-O Be7 6. Re1 b5 7. Bb3 O-O 8. c3
d5 9. exd5 Nxd5 10. Nxe5 Nxe5 11. Rxe5 c6 {The Marshall Attack is probably one
of the most sound lines against 1.e4, therefore it doesn't come as a suprise
that is often played in high level events.} 12. d3 Bd6 13. Re1 Bf5 14. Qf3 Re8
{Not the main line but an interesting one that I used to play for a while.} 15.
Rxe8+ Qxe8 16. Nd2 Qe1+ 17. Nf1 Bg6 18. g3 {The best move is what Kotronias
played against me and that is probably critical for the assesment of the line.}
(18. h3 Re8 {Perhaps Svidler wanted to repeat my game having a possible
improvement in his mind, or my guess is that he may be experimenting with 18...
b4!? as well.} 19. Bd1 Nxc3 ({Another idea is} 19... Bh2+ 20. Kxh2 Qxf1 21. Bd2
h6 $5 22. Rc1 Qxd3 23. Qxd3 Bxd3 24. b3 Re4 25. g4 c5 26. Bf3 Re5 27. Kg3 Nf6
28. Bf4 {with some pressure in this endgame}) 20. bxc3 Qxc3 21. Rb1 Re1 22. Bf4
Bxf4 23. Qxf4 h6 24. Bc2 Rxb1 25. Bxb1 {At this point there is one idea that
could revive the line:} Qb2 $5 ({Instead I went for:} 25... c5 26. a4 Qb2 27.
axb5 axb5 28. Nd2 c4 29. dxc4 Bxb1 30. Qb8+ Kh7 31. Qxb5 Qc1+ 32. Kh2 Bd3 33.
Qb4 Bxc4 34. Qxc4 Qxd2 35. Qxf7 {1-0 (48) Kotronias,V (2626)-Pavlovic,M (2507)
Vrnjacka Banja 2005. I was not able to fully equalise in this game.}) 26. Nd2
c5 27. h4 $5 (27. Kh2 c4 28. dxc4 Bxb1 29. cxb5 axb5 30. Nxb1 Qxb1 31. Qb8+ Kh7
$11) 27... c4 28. h5 c3 29. hxg6 fxg6 30. d4 $1 cxd2 31. Bxg6 Qb1+ 32. Bxb1
d1=Q+ 33. Kh2 Qxb1 34. a3 Qd3 35. Qd6 {It seems that Black can hold this
endgame.}) 18... b4 $1 19. h4 {I am not really sure if this is a planned
improvement or simply Ivanchuk was caught again in a Marshall like previously
against So in Wijk 2015.} ({In a famous match played by SMS messages I was
together in a team with French GM Nataf and GM Radjabov on the black side and
this line was introduced then.} 19. Bxd5 cxd5 20. Qxd5 Rd8 21. Bg5 Qxa1 22.
Bxd8 Bf8 23. Ba5 Qb1 24. Kg2 Bxd3 25. Nd2 Qc2 26. Qa8 Qxd2 27. Bxb4 h5 28.
Qxf8+ Kh7 29. Qxf7 Qe2 30. Qf4 Qf1+ 31. Kf3 Qe2+ 32. Kg2 Qf1+ 33. Kf3 Qe2+ 34.
Kg2 Qf1+ {1/2-1/2 (34) Ojjeh team-Nataf team Paris 2003. Black was fine all
the way.}) (19. c4 Nf6 20. Qxc6 $5 (20. Bd1 Re8 21. Bd2 Qe5 22. Qxc6 Bf8 23.
Bb3 Bxd3 24. c5 Be4 25. Qxa6 Qf5 26. Qe2 Bc6 27. Ne3 Qe4 28. f3 Qd4 29. Rc1
Bxc5 {0-1 (35) Stellwagen,D (2639)-Gustafsson,J (2606) Germany 2008. Black has
the initiative for a long time.}) 20... Rd8 21. Qb6 Rd7 22. Bc2 Ng4 23. Rb1 Qe2
24. Bd2 Ne5 25. Qe3 Qh5 26. Bd1 Qf5 27. Be2 f6 28. Qe4 Nxd3 29. Qxf5 Bxf5 30.
Ne3 Be4 31. Bxd3 Bxd3 32. Rc1 a5 {We got a typical Marshall type of
compensation: the bishop pair for a pawn down.}) 19... h5 20. c4 (20. Bxd5 cxd5
21. Qxd5 Rd8 22. Bg5 {½-½ (22) Schmidt,T (2597)-Gavrilakis,N (2464) corr
2008, just few more moves...} Qxa1 23. Bxd8 Qd1 24. Qxd6 bxc3 25. bxc3 Bxd3 {
Black is fine.}) 20... Nf6 21. Bd1 $6 {The alternative is better and critical:}
(21. d4 Rd8 22. Qd1 Qe7 23. Bd2 (23. Be3 Be5 {with counterplay.}) 23... Bb8 24.
d5 cxd5 25. cxd5 Nxd5 26. Qf3 Nf6 27. Re1 Ne4 {with equal chances, just one
possible line that can come out of this complicated variation.}) 21... Re8 22.
Bd2 {I am not sure that White hadn't already spoiled his position so I will
not criticise this move...} (22. Bg5 Ng4 23. Bd2 Qe6 24. Ne3 Ne5 $17) (22. d4
c5 23. Bd2 Qe6 24. d5 Qc8 25. Qb3 Be4 26. f3 Bg6 27. Kg2 Bf5 28. Kh2 (28. Ne3
Bh3+ 29. Kh2 Rxe3 $1 30. Qxe3 (30. Bxe3 Bf1 31. Kg1 Qh3 32. Qc2 Bxg3 $40) 30...
Bf1 $1 $19) 28... Bh3 29. Qd3 Nxd5 $1 30. cxd5 c4 $19) 22... Qe5 {Already it
is clear that White has problems and his opening play didn't prove to be ok.}
23. Rc1 Bc5 24. a3 a5 ({Even better was} 24... Ng4 25. axb4 Bxf2+ 26. Kg2 Be1
27. Rc2 Re6 $19) 25. axb4 axb4 26. Rc2 Ng4 $17 27. Ne3 Qd6 $1 {White is lost.}
28. Nxg4 hxg4 29. Qxg4 Bh5 30. Qxh5 Qxg3+ 31. Kh1 Qxf2 0-1

[Event "FRA-chT Top 16 GpA"]
[Site "Nancy"]
[Date "2005.??.??"]
[Round "?"]
[White "Naiditsch, Arkadij"]
[Black "Kasimdzhanov, Rustam"]
[Result "1/2-1/2"]
[WhiteElo "2626"]
[BlackElo "2670"]
[Annotator "RR"]
[PlyCount "81"]
[EventDate "2005.02.03"]
[EventType "team-match"]
[EventRounds "1"]
[EventCountry "FRA"]
[SourceTitle "EXT 2015"]
[Source "ChessBase"]
[SourceDate "2014.11.20"]
[SourceVersion "1"]
[SourceVersionDate "2014.11.20"]
[SourceQuality "1"]

1. e4 e5 2. Nf3 Nc6 3. Bb5 a6 4. Ba4 Nf6 5. O-O Be7 6. Re1 b5 7. Bb3 O-O 8. c3
({RR} 8. h3) ({RR} 8. a4) 8... d5 9. exd5 Nxd5 10. Nxe5 Nxe5 11. Rxe5 c6 12. d3
(12. d4 {La grande ligne du gambit} Bd6 13. Re1 Qh4 14. g3 Qh3 15. Be3 (15.
Bxd5 cxd5 16. Qf3 Bf5 17. Qxd5 (17. Nd2 Rae8 18. Re3 Re6 19. Qxd5 Bd3 20. Rxe6
fxe6 21. Qg2 $11) 17... Rae8 18. Re3 (18. Bd2 $142 {Marshall: I am intuitively
convinced that Re3 is inadequate, yet to probe the possibilities might take
reams of analys}) 18... Qh5 (18... Bf4 {Lasker}) 19. Nd2 (19. f3 Bxg3 $1 20.
hxg3 Qh3 21. Qd6 Bd3 $3) 19... Qd1+ 20. Kg2 Rxe3 21. fxe3 Qe2+ 22. Kh1 Bh3))
12... Bd6 13. Re1 Bf5 (13... Qh4 {plus courant} 14. g3 Qh3 15. Re4) 14. Qf3 Qh4
{[%csl Rh2]} (14... Re8) 15. g3 Qh3 16. Nd2 (16. Bxd5 {Les blancs ont
probablement des meilleures chances de garder un petit avantage d'ouverture
sur cette ligne car les noirs ont un jeu facile après 16.Nd2} cxd5 17. Qxd5 {
Shirov,A (2755)-Leko,P (2753) Morelia/Linares 25th 2008 (10) 1/2} (17. a4 $5
$146 {Curieusement ce coup naturel n'a jamais été essayé а la pendule} Rae8 (
17... Rfe8 {Mena,D-Robak,A Theme 4/3 corr 1995 0-1}) 18. Bd2 Bg4 (18... Rxe1+
19. Bxe1 {[%cal Gb1d2]}) 19. Qxd5)) 16... Rae8 $32 17. Ne4 $8 Bg4 18. Qg2 Qxg2+
19. Kxg2 f5 20. Bf4 ({RR} 20. Bd2 fxe4 21. dxe4 Bf3+) (20. h3 Bh5 21. Bf4 Bxf4
22. gxf4 fxe4 23. dxe4 Bf3+ {le même thème que la partie}) 20... Bxf4 21. gxf4
fxe4 22. dxe4 Bf3+ $11 {Cette idée de Svidler suffit pour annuler la partie}
23. Kxf3 Rxf4+ 24. Kg3 Rfxe4 25. Rxe4 Rxe4 26. f3 Re5 27. c4 ({RR} 27. a4 Kf8
28. axb5 axb5 29. Ra6 ({RR} 29. h4 Ke7) 29... c5) 27... bxc4 28. Bxc4 a5 29.
Rc1 Rg5+ $146 ({RR} 29... Kf8 30. Bxd5 ({RR} 30. h4) 30... Rg5+ 31. Kf4 ({RR} 
31. Kf2 Rxd5 32. Ke1 Rh5) 31... Rxd5 32. Ke3 {1/2-1/2 Leko,P (2749)-Anand,V 
(2779)/Monte Carlo 2007/CBM 117 ext (32)} ({RR} 32. Rxc6 Rd2 33. Ra6 Rxh2 34.
Rxa5 Rxb2 35. a4 Kf7 36. Kf5 g6+ 37. Ke5 Re2+ 38. Kf4 h5 39. Ra7+ {1/2-1/2
Polgar,J (2735)-Svidler,P (2738)/San Luis 2005/CBM 110/[Mikhalevski,V] (39)}))
30. Kf2 Rh5 {[%csl Rh2]} 31. Bb3 {[%cal Gc1c6]} a4 $1 (31... Rxh2+ 32. Kg1 Rh5
(32... Rxb2 33. Rxc6 {[%csl Rd5]})) 32. Bxa4 Rxh2+ 33. Kg3 Rxb2 34. Bb3 {
[%cal Gb3g8]} Kf8 $11 35. Rxc6 Nb4 36. Rc8+ Ke7 37. Ra8 g5 38. Ra7+ Kf6 39.
Rf7+ Ke5 40. Re7+ Kf6 41. Re6+ 1/2-1/2

[Event "Biel GM 48th"]
[Site "Biel"]
[Date "2015.07.28"]
[Round "8"]
[White "Vachier Lagrave, Maxime"]
[Black "Adams, Michael"]
[Result "1-0"]
[WhiteElo "2731"]
[BlackElo "2740"]
[Annotator "Sagar Shah"]
[PlyCount "83"]
[EventDate "2015.07.20"]
[EventType "tourn"]
[EventRounds "10"]
[EventCountry "SUI"]
[EventCategory "19"]
[SourceTitle "CBM 168"]
[Source "ChessBase"]
[SourceDate "2015.09.14"]
[SourceVersion "1"]
[SourceVersionDate "2015.09.14"]
[SourceQuality "1"]

1. e4 e5 2. Nf3 Nc6 3. Bb5 a6 4. Ba4 Nf6 5. O-O Be7 6. Re1 b5 7. Bb3 O-O 8. c3
d5 $5 {The Marshall Gambit. One of the most analysed gambits in the world of
chess. This was developed by Frank Marshall when he used it in 1917 against
Walter Frere and then in a big game against Capablanca in 1918.} 9. exd5 Nxd5 (
9... e4 {was tried in the first game in 1917. Later on Nxd5 became much more
popular.} 10. dxc6 exf3 11. d4 (11. Qxf3 Bg4 12. Qg3 (12. Qe3 Re8) 12... Bd6
13. Qh4 $16) 11... fxg2 12. Qf3 $14) 10. Nxe5 Nxe5 11. Rxe5 c6 {In the 3700
games that have reached this position 2450 games continued d4. Only 400 went
d3. Maxime goes for the relatively less played line.} 12. d3 {There is a clear
logic to this move instead of playing d4 which will be explained in the notes
to Black's 13th move.} (12. d4 {is the main move.}) 12... Bd6 13. Re1 Bf5 (
13... Qh4 {We can explain why ...Qh4 which looks like the most logical move is
not so great against d3.} 14. g3 Qh3 15. Re4 {Threatening Rh4. The main line
with the pawn on d4 is 15...g7-g5!? and if the bishop takes on g5 then Qf5
attacks both e4 rook and g5 bishop which are undefended. But here the pawn is
on d3 and the rook on e4 is defended. Hence g5 is just a blunder. This is one
of the main differences between 12. d4 and 12. d3.} g5 $2 16. Bxg5 Qf5 {
[%csl Ge4]} 17. Bh6 $18) 14. Qf3 Qh4 15. g3 (15. Qxf5 {is clearly a mistake.}
Qxh2+ 16. Kf1 Rae8 $1 (16... Qh1+ 17. Ke2 Rae8+ 18. Be3 Nxe3 19. Rxh1 Nxf5+ 20.
Kf3 $11) 17. Be3 Nf4 $1 $19) 15... Qh3 16. Be3 {It seems that this move Be3
can only be made if you are rated above 2700! Seven games have reached this
position and only players like So, Caruana, Ivanchuk, Adams, Vachier Lagrave,
Polgar and Naiditsch have played it. Three wins for White and four draws.
Quite impressive for White.} (16. Nd2 {is played quite often.} Rae8 17. Ne4 Bg4
18. Qg2 Qxg2+ 19. Kxg2 f5 20. h3 Bh5 21. Bf4 Bxf4 22. gxf4 fxe4 23. dxe4 Bf3+
$1 24. Kxf3 Rxf4+ 25. Kg3 Rfxe4 {Aronian played this variation from the black
side against Nakamura, Polgar and Radjabov and all of them ended in draws.}) (
16. Bxd5 {is the main move and after} cxd5 17. Qxd5 Rad8 18. Qg2 {There are
two approaches for Black here. One is to go into an endgame by ...Qxg2 and
taking off the d3-pawn and the other is to retain the queens with ...Qh5. Both
lead to interesting positions which have ended in draws at the highest level.})
16... Bxd3 17. Nd2 {White has a small edge in this symmetrical position. What
would be the reason for it?  First of all there is pressure on the d5 point.
After a queen exchange on f5 the stress on the d5-square might reduce but then
White has two levers to create weaknesses in Black's camp - one is a4 and the
other is c4. At the same time it is not very easy to pinpoint a weakness in
White's position that can be attacked. All in all I think it is much more
enjoyable to play as White here although with accurate play Black can equalise.
} Qf5 18. Bd4 {Both sides would like the opponent to exchange the queens on
their own terms. If White exchanges on f5 then he can no longer count on any
advantage. While if Black takes on f3 then the knight on f3 and bishop on d4
both look at the juicy e5-square.} Rae8 (18... Qxf3 19. Nxf3 Rfe8 20. Be5 $1
$14 (20. Ne5 Bxe5 21. Bxe5 Nb6 $11)) 19. Kg2 {A useful move to make.} h6 20. a4
Qxf3+ 21. Kxf3 (21. Nxf3 {no longer makes any sense as after} Be4 $11 {The pin
on the knight is quite irritating.}) 21... Re6 22. axb5 (22. Rxe6 fxe6+ 23. Kg2
c5 $1 $11 {The e6-pawn defends the knight on d5 and hence Black has absolutely
no problems.}) 22... axb5 23. Kg2 {Threatening to take on e6 and penetrate to
a6 with the rook.} Rfe8 24. Rxe6 Rxe6 25. c4 $1 {Of course White's advantage
is not very huge but it is big enough to cause some discomfort for Black.} bxc4
26. Nxc4 Be4+ $6 {It was pointless to give up the bishop pair.} ({Much more
prudent was to play} 26... Bc7 {preserving the bishop for the moment. A sample
line could go something like this} 27. Na5 Be4+ 28. f3 Bd3 29. Nxc6 Rxc6 30.
Bxd5 Rd6 31. Be5 Rxd5 32. Bxc7 Rc5 33. Bf4 Rc2+ $11) 27. f3 Bd3 28. Nxd6 Rxd6
$14 {Even though material is greatly reduced the bishop pair is a great asset
to have in such positions.} 29. Kf2 {Getting away from cheap tricks like ...
Nf4+.} Rd7 30. Ra3 Nc7 31. Be3 (31. Bxf7+ $2 Kxf7 32. Rxd3 c5 $17) 31... Nd5
32. Bc5 {White has no real threats at the moment but would like to increase
the pressure on Black's position with the moves h4 and g4 gaining space on the
kingside.} f6 33. Ba4 Bb5 34. Bc2 {Taking control of the important diagonal.}
Nc7 (34... Kf7 {was better, not allowing the bishop to sit on g6.} 35. Bf5 Rb7
36. Bc8 Rb8 37. Ra7+ Kg6 38. Be6 h5 $16 {White has good amount of pressure but
Black is holding on.}) 35. Bg6 Na6 (35... Rd2+ 36. Ke1 Re2+ (36... Rxb2 $2 37.
Ra7 $18) 37. Kd1 Na6 38. b4 Rxh2 39. Re3 Rh1+ 40. Kc2 Rh2+ 41. Kc1 (41. Kc3 Nc7
$1 $11 {[%cal Gc7d5]}) 41... Re2 42. Rxe2 Bxe2 43. Bd6 $16 {The knight on a6
is trapped and in spite of being a pawn down it is White who is pushing.}) 36.
Re3 Rd8 37. Be7 Rc8 (37... Rd2+ 38. Ke1 Rxh2 {gave Black better chances of
survival but still the position is extremely difficult to play with the king
stuck on g8.}) 38. b4 c5 {Black faced a difficult passive defence and finally
tries to break out. But now White gets a decisive advantage.} 39. Bf5 $1 Rc6 (
39... Re8 40. bxc5 $18) 40. Bd7 cxb4 (40... Nxb4 41. Bxc6 Nxc6 42. Bxc5 $18) (
40... Rb6 41. bxc5 $18) 41. Bxc6 Bxc6 42. Re6 {The b4-pawn will be lost soon
and then it would be an elementary win for a player of Maxime Vachier
Lagrave's standard. This idea with d3 followed by Be3 seems like an
interesting new way for White to play in the Marshall and we can expect many
more games in this variation in the days to come.} 1-0

[Event "Hoogovens"]
[Site "Wijk aan Zee"]
[Date "1991.01.??"]
[Round "3"]
[White "Adams, Michael"]
[Black "Sokolov, Ivan"]
[Result "0-1"]
[WhiteElo "2600"]
[BlackElo "2570"]
[Annotator "Salov,V"]
[PlyCount "80"]
[EventDate "1991.01.??"]
[EventType "tourn"]
[EventRounds "13"]
[EventCountry "NED"]
[EventCategory "14"]
[SourceTitle "CBM 022"]
[Source "ChessBase"]
[SourceDate "1991.06.01"]
[SourceVersion "1"]
[SourceVersionDate "1991.06.01"]
[SourceQuality "1"]

1. e4 e5 2. Nf3 Nc6 3. Bb5 a6 4. Ba4 Nf6 5. O-O Be7 6. Re1 b5 7. Bb3 O-O 8. c3
d5 9. exd5 Nxd5 10. Nxe5 Nxe5 11. Rxe5 c6 12. d4 Bd6 13. Re1 Qh4 14. g3 Qh3 15.
Re4 Qd7 16. Nd2 f5 (16... Nf6 17. Rh4 Bb7 18. Nf3 c5 19. Bf4 $14 {ECO}) (16...
Bb7 17. Re1 c5 18. Ne4 c4 19. Bc2 Be7 20. Ng5 $16 {Nunn-Sokolov,Wijk aan Zee
1991}) 17. Re1 f4 18. Ne4 (18. Qh5 $5 Kh8 19. Ne4 Rf5 $4 20. Qxf5 Qxf5 21. Nxd6
$18) 18... Qh3 19. Qe2 $2 (19. Ng5 Qf5 20. Ne4 Qh3 $10) 19... Bg4 20. Qf1 (20.
f3 fxg3 $1 21. Nxd6 (21. fxg4 Rf2 22. Nxf2 Qxh2+ 23. Kf1 g2#) 21... Rxf3 22.
Qg2 gxh2+ 23. Kh1 Qh4 24. Bd2 Raf8 $40) 20... Qh5 21. Bd1 $2 (21. Bxf4 $142
Bxf4 22. gxf4 Rxf4 23. Ng3 $15) 21... Bxd1 22. Rxd1 fxg3 23. hxg3 Rxf2 $1 24.
Kxf2 (24. Qxf2 Qxd1+ 25. Qf1 Qg4 26. Qg2 Re8 $19) (24. Nxf2 Bxg3 25. Nh3 Rf8
$19) 24... Rf8+ 25. Kg2 (25. Kg1 Rxf1+ 26. Rxf1 Qg4 $19) 25... Rxf1 26. Rxf1
Qe2+ 27. Nf2 Bxg3 $1 $19 28. a4 b4 29. cxb4 Bxf2 30. Rxf2 Qg4+ 31. Kh2 Qxd4 32.
Kg2 Nxb4 33. Bd2 Nd3 34. Rff1 Qg4+ 35. Kh1 h5 36. Bc3 h4 37. Rad1 Nf2+ 38. Rxf2
Qxd1+ 39. Kh2 Qxa4 40. Rg2 Qf4+ 0-1